|
|
|
|
| LEADER |
00000nab a2200000 a 4500 |
| 001 |
vtls011126592 |
| 003 |
SK-MaSNL |
| 005 |
20260304030201.0 |
| 008 |
250310|2012 xo |||||||||||||||||slo| |
| 015 |
|
|
|a SNBRB
|
| 035 |
|
|
|a (uuid)3fa9683a-21bd-4f43-b83f-4aa0dfdd9ab2
|
| 035 |
|
|
|a (urnnbn)urn:nbn:sk:snk:ar-a09f2y
|
| 035 |
|
|
|a urn:nbn:sk:snk-aba3v4
|
| 040 |
|
|
|a SNKBUCL
|b slo
|c SNKBUCL
|e AACR2
|
| 041 |
0 |
|
|a slo
|
| 044 |
|
|
|a xo
|c SK
|
| 100 |
1 |
|
|a Hrvoľová, Božena
|4 aut
|9 291305
|
| 245 |
1 |
0 |
|a Informačné zdroje pre výnosovú metódu ohodnocovania akcií
|c Božena Hrvoľová, Jana Marková
|
| 700 |
1 |
|
|a Marková, Jana
|4 aut
|9 323098
|
| 773 |
0 |
|
|t Finančný manažér : štvrťročník Slovenskej asociácie podnikových finančníkov
|g Roč. 12, č. 2 (2012), s. 7-10
|
| 958 |
|
|
|a OND
|
| 958 |
|
|
|a EUIPO
|
| 958 |
|
|
|a article13
|
| 999 |
|
|
|c 2632283
|d 2634213
|